Statistics for Maisie Peters - Architecture

Click here to take the quiz!

General Stats

  • This quiz has been taken 6 times
  • The average score is 260 of 271

Answer Stats

Answer% Correct
a
100%
all
100%
And
100%
and
100%
architecture
100%
ask
100%
be
100%
better
100%
biggest
100%
Boy,
100%
break
100%
breath
100%
brightest
100%
can't
100%
'Cause
100%
deserved
100%
deservved
100%
ever
100%
forecast
100%
go
100%
has
100%
heart,
100%
I
100%
I'll
100%
in
100%
is
100%
it
100%
kitchen
100%
know
100%
knows
100%
last
100%
let
100%
like
100%
love
100%
made
100%
make
100%
me
100%
My
100%
my
100%
no
100%
Now
100%
now
100%
nowhere
100%
one
100%
owe
100%
place
100%
say
100%
showed
100%
sing
100%
sitting
100%
stay
100%
summer
100%
takes
100%
than
100%
that
100%
That
100%
the
100%
The
100%
think
100%
this
100%
This
100%
ticket
100%
to
100%
train
100%
up
100%
used
100%
way
100%
we
100%
weather
100%
win
100%
wind
100%
with
100%
won't
100%
word's
100%
words
100%
ya
100%
you
100%
You
100%
You'll
100%
you'll
100%
Your
100%
your
100%
you're
100%
are
80%
bags
80%
battle
80%
'bout
80%
built
80%
Cross-legged,
80%
dreams
80%
gold
80%
I'm
80%
mum's
80%
of
80%
packed,
80%
photographs,
80%
Ripped
80%
secrets
80%
stacked
80%
was
80%
were
80%
whisper
80%
worth,
80%
worth
80%
blue
60%
borrowed,
60%
But
60%
missing,
60%
Oh,
60%
oh
60%
paperbacks
60%
Towers
60%
could
40%
new
40%
nobody
40%

Score Distribution

Percentile by Number Answered

Percent of People with Each Score

Your Score History

You have not taken this quiz